[Event "DEM U16 2018"]
[Site "Willingen GER"]
[Date "2018.05.23"]
[Round "5"]
[White "Biastoch, Bennet"]
[Black "Köhler, Lukas"]
[Result "1/2-1/2"]
[Termination "normal"]
[Board "9"]
[WhiteElo "2173"]
[BlackElo "1852"]
[WhiteClock "00:06:41"]
[BlackClock "00:04:58"]
[PlyCount "142"]
[WhiteFideId "12939889"]
[BlackFideId "16221990"]
[EventCountry "GER"]
[EventRounds "9"]
[EventType "swiss"]
[EventDate "2018.05.19"]

1. e4 {[%clk 1:30:57]} 1... c6 {[%clk 1:30:56]} 2. d4 {[%clk 1:31:14]} 2... d5
{[%clk 1:31:22]} 3. e5 {[%clk 1:29:29]} 3... c5 {[%clk 1:31:42]} 4. dxc5 {
[%clk 1:24:14]} 4... e6 {[%clk 1:31:31]} 5. Be3 {[%clk 1:22:58]} 5... Nd7 {
[%clk 1:30:42]} 6. Bb5 {[%clk 1:15:38]} 6... Qc7 {[%clk 1:27:52]} 7. Nf3 {
[%clk 1:11:01]} 7... Bxc5 {[%clk 1:27:08]} 8. Bxc5 {[%clk 1:10:19]} 8... Qxc5 {
[%clk 1:27:37]} 9. Nc3 {[%clk 1:06:08]} 9... Ne7 {[%clk 1:23:30]} 10. O-O {
[%clk 1:00:05]} 10... a6 {[%clk 1:17:51]} 11. Bd3 {[%clk 0:58:07]} 11... Ng6 {
[%clk 1:11:24]} 12. Re1 {[%clk 0:54:12]} 12... Qc7 {[%clk 1:06:46]} 13. Bxg6 {
[%clk 0:45:22]} 13... hxg6 {[%clk 1:06:53]} 14. Qe2 {[%clk 0:43:25]} 14... b5 {
[%clk 1:01:14]} 15. Rad1 {[%clk 0:37:00]} 15... Nb6 {[%clk 0:59:53]} 16. Rd4 {
[%clk 0:35:56]} 16... Qe7 {[%clk 0:45:42]} 17. Qd3 {[%clk 0:30:41]} 17... b4 {
[%clk 0:41:39]} 18. Ne2 {[%clk 0:29:59]} 18... Bd7 {[%clk 0:41:09]} 19. Qd2 {
[%clk 0:22:06]} 19... Nc4 {[%clk 0:38:39]} 20. Qf4 {[%clk 0:20:49]} 20... a5 {
[%clk 0:36:57]} 21. b3 {[%clk 0:19:41]} 21... Na3 {[%clk 0:34:33]} 22. Rd2 {
[%clk 0:19:58]} 22... Rc8 {[%clk 0:32:07]} 23. Ned4 {[%clk 0:19:34]} 23... Rh5
{[%clk 0:27:22]} 24. h3 {[%clk 0:18:22]} 24... Rc5 {[%clk 0:26:01]} 25. Rc1 {
[%clk 0:16:36]} 25... Bb5 {[%clk 0:22:39]} 26. Re1 {[%clk 0:13:23]} 26... Qc7 {
[%clk 0:22:02]} 27. Ng5 {[%clk 0:11:49]} 27... Qe7 {[%clk 0:21:38]} 28. h4 {
[%clk 0:11:22]} 28... Ba6 {[%clk 0:20:39]} 29. g3 {[%clk 0:11:27]} 29... Rh8 {
[%clk 0:20:03]} 30. Qg4 {[%clk 0:11:18]} 30... Rc3 {[%clk 0:14:52]} 31. Rc1 {
[%clk 0:09:35]} 31... Nb5 {[%clk 0:07:24]} 32. Nxb5 {[%clk 0:08:21]} 32... Bxb5
{[%clk 0:07:53]} 33. Re1 {[%clk 0:07:45]} 33... Qc5 {[%clk 0:06:22]} 34. Qf4 {
[%clk 0:06:52]} 34... Rf8 {[%clk 0:06:07]} 35. Rc1 {[%clk 0:05:45]} 35... a4 {
[%clk 0:04:24]} 36. Qd4 {[%clk 0:05:03]} 36... axb3 {[%clk 0:04:09]} 37. axb3 {
[%clk 0:05:21]} 37... Ke7 {[%clk 0:03:52]} 38. Qxc5+ {[%clk 0:05:06]} 38...
Rxc5 {[%clk 0:04:21]} 39. Rd4 {[%clk 0:05:13]} 39... f6 {[%clk 0:01:21]} 40.
Nf3 {[%clk 0:01:42]} 40... Be2 {[%clk 0:00:41]} 41. exf6+ {[%clk 0:01:39]}
41... gxf6 {[%clk 0:28:39]} 42. Ne1 {[%clk 0:31:42]} 42... Rb8 {[%clk 0:27:55]}
43. Ra1 {[%clk 0:31:10]} 43... Rc7 {[%clk 0:20:16]} 44. f3 {[%clk 0:25:53]}
44... Kd6 {[%clk 0:15:52]} 45. Kf2 {[%clk 0:25:01]} 45... e5 {[%clk 0:12:12]}
46. Rg4 {[%clk 0:23:09]} 46... Bb5 {[%clk 0:12:23]} 47. Rxg6 {[%clk 0:20:18]}
47... Ke6 {[%clk 0:12:52]} 48. Rg4 {[%clk 0:19:29]} 48... Bd7 {[%clk 0:11:55]}
49. h5 {[%clk 0:18:58]} 49... Kf7 {[%clk 0:11:55]} 50. Rh4 {[%clk 0:19:14]}
50... Bf5 {[%clk 0:12:04]} 51. Ra2 {[%clk 0:17:54]} 51... d4 {[%clk 0:10:52]}
52. g4 {[%clk 0:15:23]} 52... Bh7 {[%clk 0:10:39]} 53. Kg3 {[%clk 0:14:08]}
53... Rc3 {[%clk 0:09:19]} 54. Ra7+ {[%clk 0:08:44]} 54... Kg8 {[%clk 0:09:47]}
55. g5 {[%clk 0:08:37]} 55... fxg5 {[%clk 0:09:13]} 56. Rg4 {[%clk 0:08:59]}
56... e4 {[%clk 0:07:26]} 57. Rxg5+ {[%clk 0:09:11]} 57... Kh8 {[%clk 0:07:56]}
58. Rgg7 {[%clk 0:07:09]} 58... Rg8 59. h6 {[%clk 0:06:34]} 59... d3 { [%clk
0:05:46]} 60. cxd3 {[%clk 0:05:30]} 60... exd3 {[%clk 0:06:02]} 61. Kf4 { [%clk
0:05:20]} 61... Rxg7 {[%clk 0:04:32]} 62. hxg7+ {[%clk 0:05:46]} 62... Kg8
{[%clk 0:05:01]} 63. Ke3 {[%clk 0:05:58]} 63... Rxb3 {[%clk 0:04:57]} 64. Rd7
{[%clk 0:05:26]} 64... Rb2 {[%clk 0:03:27]} 65. Nxd3 {[%clk 0:05:30]} 65... Rb3
{[%clk 0:03:02]} 66. Kd2 {[%clk 0:04:35]} 66... Rxd3+ {[%clk 0:03:09]} 67. Rxd3
{[%clk 0:05:00]} 67... Bxd3 {[%clk 0:03:35]} 68. Kxd3 {[%clk 0:05:26]} 68...
Kxg7 {[%clk 0:04:03]} 69. Kc4 {[%clk 0:05:51]} 69... Kf6 {[%clk 0:04:30]} 70.
Kxb4 {[%clk 0:06:16]} 70... Kf5 {[%clk 0:04:58]} 71. f4 {[%clk 0:06:41]} 71...
Kxf4 1/2-1/2

[Event "DEM U16 2018"]
[Site "Willingen GER"]
[Date "2018.05.23"]
[Round "5"]
[White "Hoffmann, Lennard"]
[Black "Richter, Nils"]
[Result "1/2-1/2"]
[Termination "normal"]
[Board "11"]
[WhiteElo "2013"]
[BlackElo "2096"]
[WhiteClock "00:21:01"]
[BlackClock "00:24:48"]
[PlyCount "59"]
[WhiteFideId "12943495"]
[BlackFideId "12990809"]
[EventCountry "GER"]
[EventRounds "9"]
[EventType "swiss"]
[EventDate "2018.05.19"]

1. d4 {[%clk 1:30:57]} 1... c5 {[%clk 1:30:54]} 2. d5 {[%clk 1:30:14]} 2... Nf6
{[%clk 1:31:09]} 3. c4 {[%clk 1:30:33]} 3... g6 {[%clk 1:31:13]} 4. Nc3 { [%clk
1:30:16]} 4... Bg7 {[%clk 1:31:30]} 5. e4 {[%clk 1:29:13]} 5... d6 { [%clk
1:31:56]} 6. Be2 {[%clk 1:28:37]} 6... O-O {[%clk 1:30:06]} 7. Be3 { [%clk
1:27:01]} 7... e6 {[%clk 1:28:10]} 8. Nf3 {[%clk 1:18:52]} 8... exd5 { [%clk
1:27:23]} 9. exd5 {[%clk 1:18:47]} 9... Re8 {[%clk 1:26:26]} 10. O-O { [%clk
1:17:59]} 10... Ne4 {[%clk 1:21:55]} 11. Nxe4 {[%clk 1:15:06]} 11... Rxe4
{[%clk 1:22:24]} 12. Bd3 {[%clk 1:12:24]} 12... Re8 {[%clk 1:22:24]} 13. Qc2 {
[%clk 1:12:22]} 13... Nd7 {[%clk 1:16:20]} 14. Rfe1 {[%clk 1:09:57]} 14... Ne5
{[%clk 1:06:11]} 15. Nxe5 {[%clk 1:09:31]} 15... Bxe5 {[%clk 1:06:25]} 16. f4 {
[%clk 1:07:59]} 16... Bg7 {[%clk 1:05:24]} 17. Rad1 {[%clk 0:59:40]} 17... Bg4
{[%clk 1:03:22]} 18. Rc1 {[%clk 0:48:36]} 18... Qf6 {[%clk 0:52:48]} 19. b3 {
[%clk 0:41:45]} 19... Re7 {[%clk 0:46:29]} 20. h3 {[%clk 0:37:11]} 20... Rae8 {
[%clk 0:42:10]} 21. Qf2 {[%clk 0:32:46]} 21... Bf5 {[%clk 0:37:07]} 22. Bxf5 {
[%clk 0:27:45]} 22... Qxf5 {[%clk 0:37:35]} 23. Kh2 {[%clk 0:27:44]} 23... Bd4
{[%clk 0:28:46]} 24. Bxd4 {[%clk 0:25:25]} 24... Rxe1 {[%clk 0:28:14]} 25. Rxe1
{[%clk 0:25:46]} 25... Rxe1 {[%clk 0:28:35]} 26. Qxe1 {[%clk 0:25:35]} 26...
cxd4 {[%clk 0:28:42]} 27. Qd2 {[%clk 0:24:40]} 27... Qe4 {[%clk 0:28:04]} 28.
Kg1 {[%clk 0:23:44]} 28... h5 {[%clk 0:24:48]} 29. h4 {[%clk 0:21:01]} 29...
Kg7 30. g3 1/2-1/2

[Event "DEM U16 2018"]
[Site "Willingen GER"]
[Date "2018.05.23"]
[Round "5"]
[White "Recktenwald, Cedric"]
[Black "Mohammadi Nia, Borna"]
[Result "1-0"]
[Termination "normal"]
[Board "12"]
[WhiteElo "1826"]
[BlackElo "2029"]
[WhiteClock "00:05:18"]
[BlackClock "00:11:06"]
[PlyCount "61"]
[WhiteFideId "12971928"]
[BlackFideId "16207319"]
[EventCountry "GER"]
[EventRounds "9"]
[EventType "swiss"]
[EventDate "2018.05.19"]

1. e4 {[%clk 1:30:56]} 1... c5 {[%clk 1:30:58]} 2. Nf3 {[%clk 1:30:57]} 2... e6
{[%clk 1:31:08]} 3. b3 {[%clk 1:31:06]} 3... b6 {[%clk 1:31:02]} 4. Bb2 { [%clk
1:26:39]} 4... Bb7 {[%clk 1:30:05]} 5. Nc3 {[%clk 1:26:50]} 5... a6 { [%clk
1:30:30]} 6. Be2 {[%clk 1:23:55]} 6... d6 {[%clk 1:29:56]} 7. d4 { [%clk
1:21:27]} 7... cxd4 {[%clk 1:26:18]} 8. Nxd4 {[%clk 1:21:16]} 8... Nf6 { [%clk
1:20:22]} 9. Bd3 {[%clk 1:17:30]} 9... d5 {[%clk 1:16:25]} 10. exd5 { [%clk
1:14:59]} 10... Nxd5 {[%clk 1:16:41]} 11. O-O {[%clk 1:08:04]} 11... Nxc3
{[%clk 1:12:11]} 12. Bxc3 {[%clk 1:08:24]} 12... Nd7 {[%clk 1:08:03]} 13. Qe2 {
[%clk 0:47:14]} 13... Be7 {[%clk 1:05:17]} 14. Nxe6 {[%clk 0:34:59]} 14... fxe6
{[%clk 0:51:51]} 15. Bxg7 {[%clk 0:26:39]} 15... Kf7 {[%clk 0:39:55]} 16. Bxh8
{[%clk 0:25:08]} 16... Qxh8 {[%clk 0:38:55]} 17. Rae1 {[%clk 0:20:27]} 17...
Nf8 {[%clk 0:28:23]} 18. Qh5+ {[%clk 0:14:38]} 18... Ng6 {[%clk 0:25:41]} 19.
Bc4 {[%clk 0:14:45]} 19... Bd5 {[%clk 0:23:41]} 20. Bxd5 {[%clk 0:14:55]} 20...
exd5 {[%clk 0:24:05]} 21. f4 {[%clk 0:10:19]} 21... Bc5+ {[%clk 0:17:54]} 22.
Kh1 {[%clk 0:10:35]} 22... Kf8 {[%clk 0:16:49]} 23. f5 {[%clk 0:08:19]} 23...
Ne7 {[%clk 0:13:41]} 24. Qh6+ {[%clk 0:08:12]} 24... Kf7 {[%clk 0:13:54]} 25.
Qe6+ {[%clk 0:08:00]} 25... Kf8 {[%clk 0:14:14]} 26. f6 {[%clk 0:06:48]} 26...
Ng6 {[%clk 0:13:38]} 27. Qxd5 {[%clk 0:06:27]} 27... Re8 {[%clk 0:11:56]} 28.
Rxe8+ {[%clk 0:05:47]} 28... Kxe8 {[%clk 0:12:21]} 29. Re1+ {[%clk 0:04:54]}
29... Kf8 {[%clk 0:12:33]} 30. Qe6 {[%clk 0:04:55]} 30... Qg8 {[%clk 0:11:06]}
31. Qe8# {[%clk 0:05:18]} 1-0

[Event "DEM U16 2018"]
[Site "Willingen GER"]
[Date "2018.05.23"]
[Round "5"]
[White "Lange, Jannis"]
[Black "Bosselmann, Tom Linus"]
[Result "1/2-1/2"]
[Termination "normal"]
[Board "13"]
[WhiteElo "1919"]
[BlackElo "2082"]
[WhiteClock "00:02:13"]
[BlackClock "00:07:41"]
[PlyCount "76"]
[WhiteFideId "12993107"]
[BlackFideId "12983845"]
[EventCountry "GER"]
[EventRounds "9"]
[EventType "swiss"]
[EventDate "2018.05.19"]

1. e4 {[%clk 1:30:57]} 1... c5 {[%clk 1:30:49]} 2. Nf3 {[%clk 1:31:07]} 2... a6
{[%clk 1:31:10]} 3. c3 {[%clk 1:29:45]} 3... d5 {[%clk 1:31:33]} 4. exd5 {
[%clk 1:29:07]} 4... Qxd5 {[%clk 1:31:57]} 5. d4 {[%clk 1:28:36]} 5... Nf6 {
[%clk 1:32:14]} 6. Be2 {[%clk 1:28:08]} 6... e6 {[%clk 1:32:03]} 7. O-O { [%clk
1:28:15]} 7... Nc6 {[%clk 1:31:27]} 8. Be3 {[%clk 1:22:21]} 8... cxd4 { [%clk
1:31:40]} 9. cxd4 {[%clk 1:22:44]} 9... Be7 {[%clk 1:31:52]} 10. Nc3 { [%clk
1:22:32]} 10... Qd6 {[%clk 1:31:38]} 11. a3 {[%clk 1:16:05]} 11... O-O { [%clk
1:31:47]} 12. Rc1 {[%clk 1:09:19]} 12... b5 {[%clk 1:30:26]} 13. Bd3 { [%clk
0:58:41]} 13... Bb7 {[%clk 1:27:26]} 14. b4 {[%clk 0:46:14]} 14... Rac8 { [%clk
1:21:48]} 15. Bb1 {[%clk 0:43:23]} 15... Rfd8 {[%clk 1:20:45]} 16. Qe2 { [%clk
0:34:20]} 16... Nb8 {[%clk 0:36:10]} 17. Ne5 {[%clk 0:26:58]} 17... Nbd7 {[%clk
0:31:43]} 18. Nd3 {[%clk 0:19:08]} 18... Bf8 {[%clk 0:19:19]} 19. Nc5 { [%clk
0:15:24]} 19... Nxc5 {[%clk 0:19:38]} 20. dxc5 {[%clk 0:15:44]} 20... Qc6
{[%clk 0:17:24]} 21. f3 {[%clk 0:14:36]} 21... Qc7 {[%clk 0:17:33]} 22. Bg5 {
[%clk 0:14:00]} 22... Be7 {[%clk 0:16:59]} 23. Qc2 {[%clk 0:10:56]} 23... g6 {
[%clk 0:16:22]} 24. Be3 {[%clk 0:09:08]} 24... Rd7 {[%clk 0:15:18]} 25. Rfd1 {
[%clk 0:05:36]} 25... Bc6 {[%clk 0:14:17]} 26. Rxd7 {[%clk 0:05:33]} 26... Qxd7
{[%clk 0:14:18]} 27. Rd1 {[%clk 0:05:44]} 27... Qc7 {[%clk 0:14:38]} 28. Bf2 {
[%clk 0:05:12]} 28... Rd8 {[%clk 0:11:48]} 29. Bg3 {[%clk 0:04:52]} 29... Qc8 {
[%clk 0:10:56]} 30. Rxd8+ {[%clk 0:03:17]} 30... Qxd8 {[%clk 0:11:25]} 31. Qd3
{[%clk 0:03:20]} 31... Qxd3 {[%clk 0:06:57]} 32. Bxd3 {[%clk 0:03:29]} 32...
Nd5 {[%clk 0:06:29]} 33. Nxd5 {[%clk 0:03:19]} 33... exd5 {[%clk 0:06:46]} 34.
Be5 {[%clk 0:03:34]} 34... f6 {[%clk 0:06:52]} 35. Bd4 {[%clk 0:02:24]} 35...
Kf7 {[%clk 0:07:03]} 36. Kf2 {[%clk 0:02:44]} 36... Ke6 {[%clk 0:07:24]} 37.
Ke3 {[%clk 0:02:40]} 37... Bd8 {[%clk 0:07:26]} 38. g3 {[%clk 0:02:13]} 38...
Bc7 {[%clk 0:07:41]  Ke4  Ke5+} 1/2-1/2

[Event "DEM U16 2018"]
[Site "Willingen GER"]
[Date "2018.05.23"]
[Round "6"]
[White "Wachinger, Nikolas"]
[Black "Kuznecovs, Nikita"]
[Result "1-0"]
[Termination "normal"]
[Board "1"]
[WhiteElo "2208"]
[BlackElo "2266"]
[WhiteClock "00:22:50"]
[BlackClock "01:07:24"]
[PlyCount "91"]
[WhiteFideId "12962791"]
[BlackFideId "11604557"]
[EventCountry "GER"]
[EventRounds "9"]
[EventType "swiss"]
[EventDate "2018.05.19"]

1. e4 {[%clk 1:30:57]} 1... e6 {[%clk 1:30:54]} 2. d4 {[%clk 1:31:21]} 2... d5
{[%clk 1:31:21]} 3. Nd2 {[%clk 1:31:43]} 3... Be7 {[%clk 1:31:45]} 4. Bd3 {
[%clk 1:31:58]} 4... c5 {[%clk 1:32:11]} 5. dxc5 {[%clk 1:32:17]} 5... Nf6 {
[%clk 1:32:38]} 6. Qe2 {[%clk 1:32:30]} 6... O-O {[%clk 1:33:01]} 7. Ngf3 {
[%clk 1:32:52]} 7... a5 {[%clk 1:33:26]} 8. O-O {[%clk 1:33:09]} 8... Na6 {
[%clk 1:33:54]} 9. e5 {[%clk 1:33:29]} 9... Nd7 {[%clk 1:34:20]} 10. c4 { [%clk
1:33:52]} 10... Naxc5 {[%clk 1:34:39]} 11. Bc2 {[%clk 1:34:11]} 11... b6 {[%clk
1:35:04]} 12. Rd1 {[%clk 1:28:00]} 12... Ba6 {[%clk 1:35:15]} 13. b3 { [%clk
1:26:11]} 13... Qc7 {[%clk 1:35:40]} 14. Bb2 Rfd8 15. Rac1 { [%clk 1:21:40]}
15... Nb8 {[%clk 1:34:35]} 16. Nd4 {[%clk 1:13:23]} 16... dxc4 {[%clk 1:33:47]}
17. bxc4 {[%clk 1:04:48]} 17... Nc6 {[%clk 1:33:30]} 18. Nb5 { [%clk 1:01:54]}
18... Bxb5 {[%clk 1:29:51]} 19. cxb5 {[%clk 1:01:57]} 19... Nd4 {[%clk
1:30:10]} 20. Bxd4 {[%clk 1:00:05]} 20... Rxd4 {[%clk 1:30:31]} 21. Nb3 {[%clk
0:57:27]} 21... Rxd1+ {[%clk 1:30:49]} 22. Rxd1 {[%clk 0:57:47]} 22... Rd8
{[%clk 1:30:20]} 23. Nd4 {[%clk 0:51:15]} 23... Rd5 {[%clk 1:27:03]} 24. Nc6
{[%clk 0:51:06]} 24... Rxd1+ {[%clk 1:26:31]} 25. Qxd1 {[%clk 0:51:30]} 25...
Bf8 {[%clk 1:26:49]} 26. g3 {[%clk 0:47:32]} 26... Nd7 {[%clk 1:27:07]} 27. f4
{[%clk 0:46:39]} 27... Bc5+ {[%clk 1:27:06]} 28. Kg2 {[%clk 0:46:48]} 28... Nf8
{[%clk 1:27:28]} 29. h4 {[%clk 0:46:01]} 29... Qd7 {[%clk 1:27:36]} 30. Qxd7
{[%clk 0:46:09]} 30... Nxd7 {[%clk 1:28:00]} 31. g4 {[%clk 0:44:18]} 31... h6
{[%clk 1:24:27]} 32. h5 {[%clk 0:39:23]} 32... Kf8 {[%clk 1:23:05]} 33. Kf3
{[%clk 0:39:26]} 33... Bg1 {[%clk 1:22:45]} 34. Kg3 {[%clk 0:37:13]} 34... Nc5
{[%clk 1:21:30]} 35. Na7 {[%clk 0:32:49]} 35... Nd7 {[%clk 1:16:32]} 36. Kg2
{[%clk 0:30:28]} 36... Be3 {[%clk 1:16:53]} 37. Kf3 {[%clk 0:30:51]} 37... Bg1
{[%clk 1:17:16]} 38. Nc8 {[%clk 0:29:16]} 38... Bc5 {[%clk 1:15:21]} 39. Be4
{[%clk 0:28:38]} 39... Ke8 {[%clk 1:10:25]} 40. Bc6 {[%clk 0:26:59]} 40... Kd8
{[%clk 1:10:49]} 41. Bxd7 {[%clk 0:27:14]} 41... Kxd7 {[%clk 1:11:12] } 42. Na7
{[%clk 0:27:39]} 42... Ke8 {[%clk 1:11:20]} 43. Nc6 {[%clk 0:25:07]} 43... Bg1
{[%clk 1:11:40]} 44. f5 {[%clk 0:24:14]} 44... Kd7 {[%clk 1:10:41]} 45. f6
{[%clk 0:22:44]} 45... g6 {[%clk 1:07:24]} 46. g5 {[%clk 0:22:50]} 1-0

[Event "DEM U16 2018"]
[Site "Willingen GER"]
[Date "2018.05.23"]
[Round "6"]
[White "Kopylov, Daniel"]
[Black "Engel, Luis"]
[Result "1/2-1/2"]
[Termination "normal"]
[Board "2"]
[WhiteElo "2298"]
[BlackElo "2461"]
[WhiteClock "00:13:08"]
[BlackClock "00:35:50"]
[PlyCount "80"]
[WhiteFideId "12921971"]
[BlackFideId "12961523"]
[EventCountry "GER"]
[EventRounds "9"]
[EventType "swiss"]
[EventDate "2018.05.19"]

1. e4 {[%clk 1:30:52]} 1... e5 {[%clk 1:30:54]} 2. Nf3 {[%clk 1:30:58]} 2...
Nc6 {[%clk 1:31:17]} 3. d4 {[%clk 1:30:48]} 3... exd4 {[%clk 1:31:41]} 4. Nxd4
{[%clk 1:31:11]} 4... Bc5 {[%clk 1:32:05]} 5. Nb3 {[%clk 1:31:28]} 5... Bb6 {
[%clk 1:32:28]} 6. Nc3 {[%clk 1:31:50]} 6... Nf6 {[%clk 1:32:51]} 7. Qe2 {
[%clk 1:31:17]} 7... a5 {[%clk 1:33:12]} 8. a4 {[%clk 1:24:04]} 8... O-O {
[%clk 1:32:33]} 9. Be3 {[%clk 1:23:24]} 9... Bxe3 10. Qxe3 {[%clk 1:23:37]}
10... Nb4 {[%clk 1:32:26]} 11. O-O-O {[%clk 1:22:17]} 11... d5 {[%clk 1:23:23]}
12. exd5 {[%clk 1:15:15]} 12... Bf5 {[%clk 1:23:07]} 13. Nd4 {[%clk 1:05:20]}
13... Nbxd5 {[%clk 1:22:44]} 14. Nxf5 {[%clk 1:04:38]} 14... Nxe3 { [%clk
1:23:08]} 15. Rxd8 {[%clk 1:05:01]} 15... Nxf5 {[%clk 1:23:33]} 16. Rxa8 {[%clk
1:04:17]} 16... Rxa8 {[%clk 1:23:56]} 17. Bd3 {[%clk 1:04:12]} 17... Nd6 {[%clk
1:23:09]} 18. Re1 {[%clk 1:03:52]} 18... Kf8 {[%clk 1:23:07]} 19. f3 { [%clk
1:03:58]} 19... Rd8 {[%clk 1:21:40]} 20. Re5 {[%clk 1:01:02]} 20... b6 { [%clk
1:21:48]} 21. Nb5 {[%clk 0:56:59]} 21... Re8 {[%clk 1:08:33]} 22. Rxe8+ { [%clk
0:52:44]} 22... Ndxe8 {[%clk 1:07:15]} 23. Kd2 {[%clk 0:51:23]} 23... Ke7
{[%clk 1:07:26]} 24. Ke3 {[%clk 0:50:53]} 24... Nd5+ {[%clk 1:03:39]} 25. Kd4 {
[%clk 0:42:59]} 25... Nf4 {[%clk 1:03:29]} 26. g3 {[%clk 0:40:54]} 26... Ne6+ {
[%clk 1:03:44]} 27. Ke3 {[%clk 0:39:23]} 27... Nc5 {[%clk 1:03:11]} 28. b3 {
[%clk 0:39:05]} 28... g6 {[%clk 1:00:38]} 29. Bc4 {[%clk 0:35:56]} 29... Nb7 {
[%clk 0:51:40]} 30. Nc3 {[%clk 0:30:30]} 30... c6 {[%clk 0:49:33]} 31. Ne4 {
[%clk 0:29:36]} 31... Nbd6 {[%clk 0:43:33]} 32. Nxd6 {[%clk 0:28:40]} 32...
Nxd6 {[%clk 0:43:55]} 33. Bd3 {[%clk 0:28:00]} 33... Ke6 {[%clk 0:42:31]} 34.
Kd4 {[%clk 0:24:26]} 34... c5+ {[%clk 0:42:18]} 35. Ke3 {[%clk 0:24:21]} 35...
Ke5 {[%clk 0:40:22]} 36. f4+ {[%clk 0:23:25]} 36... Kd5 {[%clk 0:40:37]} 37.
c4+ {[%clk 0:21:48]} 37... Ke6 {[%clk 0:41:01]} 38. g4 {[%clk 0:19:17]} 38...
h6 {[%clk 0:39:39]} 39. h4 {[%clk 0:16:45]} 39... Kf6 {[%clk 0:35:48]} 40. g5+
{[%clk 0:13:08]} 40... hxg5 {[%clk 0:35:50]} 1/2-1/2

[Event "DEM U16 2018"]
[Site "Willingen GER"]
[Date "2018.05.23"]
[Round "6"]
[White "Mütsch, Annmarie"]
[Black "Pajeken, Jakob Leon"]
[Result "1/2-1/2"]
[Termination "normal"]
[Board "3"]
[WhiteElo "2145"]
[BlackElo "2278"]
[WhiteClock "00:26:14"]
[BlackClock "00:52:17"]
[PlyCount "47"]
[WhiteFideId "12971367"]
[BlackFideId "12942839"]
[EventCountry "GER"]
[EventRounds "9"]
[EventType "swiss"]
[EventDate "2018.05.19"]

1. e4 {[%clk 1:30:53]} 1... e5 {[%clk 1:30:54]} 2. Nc3 {[%clk 1:31:10]} 2...
Nf6 {[%clk 1:31:15]} 3. g3 {[%clk 1:31:33]} 3... d5 {[%clk 1:31:38]} 4. exd5 {
[%clk 1:31:57]} 4... Nxd5 {[%clk 1:32:01]} 5. Bg2 {[%clk 1:32:21]} 5... Nxc3 {
[%clk 1:32:26]} 6. bxc3 {[%clk 1:32:48]} 6... Nc6 {[%clk 1:32:49]} 7. Rb1 {
[%clk 1:25:48]} 7... Bc5 {[%clk 1:26:33]} 8. Ne2 {[%clk 1:25:40]} 8... O-O {
[%clk 1:26:26]} 9. O-O {[%clk 1:25:36]} 9... Bb6 {[%clk 1:25:50]} 10. d3 {
[%clk 1:25:00]} 10... Be6 {[%clk 1:23:36]} 11. c4 {[%clk 1:24:29]} 11... Qc8 {
[%clk 1:10:03]} 12. Ba3 {[%clk 1:03:43]} 12... Rd8 {[%clk 1:09:24]} 13. Qc1 {
[%clk 0:59:11]} 13... Bg4 {[%clk 1:03:59]} 14. Qd2 {[%clk 0:53:54]} 14... Qf5 {
[%clk 1:01:18]} 15. c5 {[%clk 0:48:49]} 15... Ba5 {[%clk 0:59:29]} 16. Qe3 {
[%clk 0:49:11]} 16... Bxe2 {[%clk 0:58:12]} 17. Qxe2 {[%clk 0:49:33]} 17... Nd4
{[%clk 0:58:27]} 18. Qd1 {[%clk 0:48:55]} 18... Rab8 {[%clk 0:58:07]} 19. f4 {
[%clk 0:43:28]} 19... exf4 {[%clk 0:56:10]} 20. Rxf4 {[%clk 0:43:50]} 20... Qe6
{[%clk 0:56:30]} 21. Re4 {[%clk 0:35:12]} 21... Qf5 {[%clk 0:52:06]} 22. Rf4 {
[%clk 0:28:45]} 22... Qe6 {[%clk 0:52:06]} 23. Re4 {[%clk 0:28:50]} 23... Qf5 {
[%clk 0:52:17]} 24. Rf4 {[%clk 0:26:14]} 1/2-1/2